| 000 | 00380nam a2200157Ia 4500 | ||
|---|---|---|---|
| 008 | 230312s9999||||xx |||||||||||||| ||und|| | ||
| 020 | _a0-7382-0224-x | ||
| 082 |
_a616.722 _bLOR-A |
||
| 100 | _aLorig;Kate | ||
| 245 | 0 | _aArthritis Helpbook | |
| 260 |
_bDa Capo Press _aUSA _c2000 |
||
| 300 | _a367 | ||
| 546 | _aEng. | ||
| 650 |
_aPhysiotherapy _vArthritis Helpbook |
||
| 942 | _cBK | ||
| 999 |
_c8061 _d8061 |
||